000 01310nam a2200409 i 4500
001 44594
003 KOSZ 005
005 20190823122329.0
008 021010s2002 pl f |000 0 pol d
020 _a8387362433
040 _cKOSZ 005
_aKOSZ 005
_dKOSZ 005/HR
041 0 _aeng
046 _k2002
080 _a658.5
080 _a519.87
080 _a005.51
080 _a004.896
080 _a519.21
100 1 _aZaikin, Oleg
_eAutor
245 1 0 _aQueuing modelling of supply chain in intelligent production /
_cOleg Zaikin ; Faculty of Computer Science and Information Systems Technical University of Szczecin.
260 _aSzczecin :
_bFCSIS TU,
_c2002.
300 _a201 s. :
_bil. ;
_c24 cm.
336 _2rdacontent
_aTekst
_btxt
337 _2rdamedia
_aBez urządzenia pośredniczącego
_bn
338 _2rdacarrier
_aWolumin
_bnc
380 _aKsiążki
380 _aPublikacje naukowe
388 _a2001-
504 _aBibliogr.
650 7 _aKomputerowe wspomaganie wytwarzania
650 7 _aProdukcja
650 7 _aModele matematyczne
650 7 _aProcesy Markowa
658 _aInżynieria i technika
856 _uhttp://koha.tu.koszalin.pl/cgi-bin/koha/opac-detail.pl?biblionumber=44594
_yKatalog online BPK
942 _cKS
_2UKD
999 _c44594
_d44594